000 01128nam a22002897a 4500
001 5763
003 FISKH
005 20250121110548.0
008 250121b cb ||||| |||| 00| 0 eng d
020 _a9781584764205
040 _aFISKH
_beng
_cFISKH
_dFISKH
050 _aPN6728.P46
082 _a741.5
100 _aMarks, Melanie
245 _aSuper Sam :
_bIt's a squid. It's a spider. No, it's super Sam! /
_cWritten by Melanie Marks ; Illustrated by Daryll Collins ; Literacy Educator : Elizabeth Jaffe
260 _aNorwalk :
_bInnovative Kids,
_c2006.
300 _a24 unnumbered pages :
_bcolor illustrations ;
_c23 cm
490 _aPhonics pc Comics
_vLevel 3
505 _aH
520 _aThree adventures of Super Sam, an ordinary kid with some extraordinary powers, that are designed to be read phonetically by beginning readers. Presented in comic-book format.
521 8 _a430
_bLexile estimate
521 8 _aH
_bRaz-Plus
650 _aChildren's Phonics Comics
_vGraphic Novel
_xSports & Adventure
700 _aCollins, Daryll
_eillustrator
942 _2ddc
_cBK
_n0
999 _c5763
_d5763